000 00288nam a2200121Ia 4500
008 230411s9999 xx 000 0 und d
041 _aeng
082 _aEC/330/AGR/B03695
100 _aAgrawal A N
245 _aIndian Economy
260 _aNew Delhi
_c2006
999 _c154522
_d154522